| 000 | 00788nam a22002177a 4500 | ||
|---|---|---|---|
| 999 |
_c14078 _d14078 |
||
| 003 | AR-CdUCM | ||
| 008 | 190416b ||||| |||| 00| 0 spa d | ||
| 020 | _a9972-847-07-1 | ||
| 040 |
_aMUNICIPALIDAD PROVINCIAL DEL CUSCO _cBIBLIOTECA MUNICIPAL DEL CUSCO |
||
| 082 |
_aEP / 803 / _bG26 |
||
| 100 |
_aGarrido - Lecca, Hernán _925398 |
||
| 245 | _aEl secreto de las islas de Pachacamac / | ||
| 260 |
_aLima : _bGrupo santillana, _c2005. |
||
| 300 |
_a77 paginas ; _c20 cm. |
||
| 440 |
_aAlfaguara infantil. _932748 |
||
| 505 | _aContenido :San Pedro de Lurín -- Buscaba pescar chitas -- En el reino del pinguino rey -- Preparado para regresar -- De regreso a casa ... | ||
| 650 |
_aCuentos _9217 |
||
| 650 |
_aHistorietas _910786 |
||
| 942 |
_2ddc _cLIBROS |
||
| 945 |
_arum _d2019-04-22 |
||